01247nas a2200157 4500001000500000005001700005245006800022260005200090300002300142310001500165500005400180505075500234650002200989650003101011710004701042878220181127190721.000aRig tshoel :bresearch journal of the Royal Thimphu College /c00aThimphu Bhutan ;bRoyal Thimphu College,c2018.00a110 pages ; 24 cm. aAnnual. b00aJournal of Research of the Royal Thimphu College. aCONTENT: Foreword -- Editorial -- Assessing sustainability of Ecotourism Ventures in Bhutan -- Changing Patterns of cattle herding in the Dorokha Region,Bhutan -- Cultural Wisdom and sustainable Development in Satsam Chorteon -- Analysis of Trend of Spatial and temporal Characteristics of Temperature:A case study of Teesta-Dikchu Watershed,Sikkim --Glimpses into Pre-Christian Mizo pasts as seen through folktales - - Exotic Blossom or Cosmopolitan Victorian?Toru Dutt and Fin-de-Siecle London and calcutta -- Central America's "Failling" Democracies:The case of Honduras -- The early history of Contemporary Arts in Bhutan -- Changing Socio- spatial structures and growing urban issues in the Quest of making Thimphu a Dream city.grt00aSustainability.x00aSustainable development.x aRoyal Thimphu College.bcdenoprst